[Event "Florianopolis op 3rd"]
[Site "Florianopolis"]
[Date "2017.01.26"]
[Round "10"]
[White "Pontes, Jacinto Jr"]
[Black "Hayashi, Kaito"]
[Result "0-1"]
[WhiteElo "1800"]
[BlackElo "1520"]
[PlyCount "30"]
[EventDate "2017.01.20"]
[EventType "swiss"]
[EventRounds "10"]
[EventCountry "BRA"]
[SourceTitle "EXT 2018"]
[Source "ChessBase"]
[SourceDate "2017.10.13"]
[SourceVersion "1"]
[SourceVersionDate "2017.10.13"]
[SourceQuality "1"]

1. Nf3 Nf6 2. c4 e6 3. Nc3 d5 4. d4 Bb4 5. Qc2 0-0 6. e3 b6 7. a3 Bxc3+ 8. Qxc3 Bb7 9. Be2 Nbd7 10. b4 c5 11. 0-0 Rc8 12. bxc5 bxc5 13. cxd5 cxd4 14. Qxd4 Nxd5 15. Bd3 Nc3 0-1

[Event "Florianopolis op 3rd"]
[Site "Florianopolis"]
[Date "2017.01.25"]
[Round "8"]
[White "Pontes, Jacinto Jr"]
[Black "Couto, Mauricio Souza"]
[Result "0-1"]
[WhiteElo "1800"]
[BlackElo "1738"]
[PlyCount "116"]
[EventDate "2017.01.20"]
[EventType "swiss"]
[EventRounds "10"]
[EventCountry "BRA"]
[SourceTitle "CBM 176 Extra"]
[Source "ChessBase"]
[SourceDate "2017.03.02"]
[SourceVersion "1"]
[SourceVersionDate "2017.03.02"]
[SourceQuality "1"]

1. Nf3 c5 2. c4 Nc6 3. Nc3 Nf6 4. g3 g6 5. Bg2 Bg7 6. 0-0 d6 7. d4 cxd4 8. Nxd4 Bd7 9. Re1 0-0 10. Nc2 Qb6 11. Ne3 a6 12. Rb1 Bf5 13. Nxf5 gxf5 14. Be3 Qb4 15. Qb3 Qxb3 16. axb3 Ng4 17. Bb6 Bd4 18. Bxd4 Nxd4 19. e4 Nxb3 20. exf5 Rfe8 21. Nd5 Rab8 22. Nxe7+ Kf8 23. Nd5 Nd2 24. Rxe8+ Rxe8 25. Rc1 Re2 26. f3 Ne5 27. Nf4 Nexf3+ 28. Kh1 Re5 29. Rd1 Rxf5 30. Bxf3 Nxf3 31. Rxd6 Re5 32. Kg2 Ne1+ 33. Kf2 Nc2 34. Rd7 b5 35. Rc7 bxc4 36. Rxc4 Ne3 37. Rc6 a5 38. Ra6 Nd1+ 39. Kf3 Nxb2 40. h4 Nc4 41. Ra7 Nb6 42. Ra6 Nc4 43. Ra7 Re3+ 44. Kf2 Ra3 45. Nd5 a4 46. Ne7 Ra1 47. Nf5 Ke8 48. Re7+ Kd8 49. Rxf7 a3 50. Rxh7 a2 51. Ra7 Ne5 52. Ne3 Nd3+ 53. Kf3 Nb4 54. h5 Rc1 55. Nc2 Rxc2 56. h6 Rh2 57. g4 Rxh6 58. g5 Ra6 0-1

[Event "Florianopolis op 3rd"]
[Site "Florianopolis"]
[Date "2017.01.23"]
[Round "5"]
[White "Nunes, Sidney Jr"]
[Black "Pontes, Jacinto Jr"]
[Result "1-0"]
[WhiteElo "2077"]
[BlackElo "1800"]
[PlyCount "59"]
[EventDate "2017.01.20"]
[EventType "swiss"]
[EventRounds "10"]
[EventCountry "BRA"]
[SourceTitle "CBM 176 Extra"]
[Source "ChessBase"]
[SourceDate "2017.03.02"]
[SourceVersion "1"]
[SourceVersionDate "2017.03.02"]
[SourceQuality "1"]

1. e4 e5 2. Nf3 Nc6 3. Bc4 Nf6 4. d3 Be7 5. 0-0 0-0 6. c3 d6 7. h3 a6 8. a4 Na5 9. Ba2 c5 10. b4 Nc6 11. b5 Nb8 12. Nbd2 Nbd7 13. Nc4 h6 14. Re1 Re8 15. d4 Qc7 16. dxe5 dxe5 17. b6 Qb8 18. a5 Kh8 19. Qc2 Nh7 20. Ne3 Rf8 21. Nd5 Bd8 22. Ne3 Ng5 23. Nxg5 Bxg5 24. Nf5 Bxc1 25. Qxc1 Nf6 26. Qe3 Bxf5 27. exf5 Nd7 28. Rad1 Qc8 29. Rd6 f6 30. Be6 1-0